| 000 | 01209nam a2200289Ia 4500 | ||
|---|---|---|---|
| 003 | OSt | ||
| 005 | 20200813101032.0 | ||
| 008 | 191128s2011 ck ad gr 000 0 spa d | ||
| 020 | _a9789589904558 | ||
| 040 |
_aCo-JMCR _cCo-JMCR |
||
| 041 | 0 | _aspa | |
| 082 | 0 | 4 |
_a368.0065 / _bF222i _223 |
| 110 | 2 |
_aFederación de Aseguradores Colombianos _98594 |
|
| 245 | 1 | 0 |
_aLa Industria Aseguradora en Colombia / _cFederación de Aseguradores Colombianos, Alejandra Diaz, Alejandra González, Ana María Rodriguez, [y otros 19] |
| 250 | _a1a. Edición | ||
| 260 |
_aBogotá : _bUna Tinta Medios, _c2011. |
||
| 300 |
_a750 páginas : _bgráficos a blanco y negro ; _c24 cm. |
||
| 500 | _aIncluye datos bibliográficos de los autores en las páginas 744-750. | ||
| 504 | _aBibliografía : páginas 742. | ||
| 505 | 0 | _aSeguros de personas y seguridad social -- Seguros de daño -- Otros seguros -- Perspectivas y retos del sector asegurador | |
| 650 | 2 | 4 |
_aPersonas y seguridad social _98698 |
| 650 | 2 | 4 |
_aPersonas _xseguros de vida _98699 |
| 700 | 1 |
_aDiaz, Alejandra, _eautora _98700 |
|
| 700 | 1 |
_aGonzález, Alejandra, _eautora _98701 |
|
| 700 | 1 |
_aRodriguez, Ana María, _eautora _98702 |
|
| 942 |
_2ddc _cBK |
||
| 999 |
_c5998 _d5998 |
||